000 00383nam a2200145Ia 4500
008 230917s9999||||xx |||||||||||||| ||und||
040 _e95144
_aMAIN
041 _aEnglish
082 _a380.10285 G959C
100 _aGupta, Sunil, ed.
245 0 _aCommerce education in the new millennium
260 _aChandigarh
_bAbhishek Publications
_c2002
300 _a240 p.
942 _cBK
999 _c113315
_d113315